Battlefield of the Mind (Record no. 11676)

MARC details
000 -LEADER
fixed length control field 00250nam a22000977a 4500
008 - FIXED-LENGTH DATA ELEMENTS--GENERAL INFORMATION
fixed length control field 191128b ||||| |||| 00| 0 eng d
020 ## - INTERNATIONAL STANDARD BOOK NUMBER
International Standard Book Number 9789351950691
100 ## - MAIN ENTRY--PERSONAL NAME
Personal name Meyer Joyce
9 (RLIN) 7366
245 ## - TITLE STATEMENT
Title Battlefield of the Mind
260 ## - PUBLICATION, DISTRIBUTION, ETC. (IMPRINT)
Place of publication, distribution, etc. India
Name of publisher, distributor, etc. Hachette
Date of publication, distribution, etc. 2015
Holdings
Withdrawn status Lost status Source of classification or shelving scheme Damaged status Koha normalized classification for sorting Not for loan Home library Current library Shelving location Date acquired Total Checkouts Total Renewals Full call number Barcode Date last seen Date last checked out Price effective from Koha item type
    Dewey Decimal Classification   200_000000000000000_F7   Good Samaritan School Library Good Samaritan School Library RELIGION 11/28/2019 1 1 200 F-7 MEY15725 08/08/2023 07/04/2023 11/28/2019 BOOK
    Dewey Decimal Classification       Good Samaritan School Library Good Samaritan School Library   07/08/2025       MEY16092 07/08/2025   07/08/2025 BOOK

Powered by Koha